<?xml version="1.0" encoding="UTF-8"?>
<marc:record xmlns:marc="http://www.loc.gov/MARC21/slim">
   <marc:leader>00000nam a2200000 a 4500</marc:leader>
   <marc:datafield ind1="1" ind2=" " tag="100">
      <marc:subfield code="a">Swidler, Uli T.</marc:subfield>
      <marc:subfield code="4">ctb</marc:subfield>
      <marc:subfield code="e">Mitwirkende/-r</marc:subfield>
   </marc:datafield>
   <marc:datafield ind1="1" ind2=" " tag="100">
      <marc:subfield code="a">Fröhlich, Andreas</marc:subfield>
      <marc:subfield code="4">ctb</marc:subfield>
      <marc:subfield code="e">Mitwirkende/-r</marc:subfield>
   </marc:datafield>
   <marc:datafield ind1="1" ind2=" " tag="100">
      <marc:subfield code="a">Grafe, Brigitte</marc:subfield>
      <marc:subfield code="4">ctb</marc:subfield>
      <marc:subfield code="e">Mitwirkende/-r</marc:subfield>
   </marc:datafield>
   <marc:datafield ind1=" " ind2=" " tag="653">
      <marc:subfield code="a">CD</marc:subfield>
   </marc:datafield>
   <marc:datafield ind1="0" ind2="0" tag="245">
      <marc:subfield code="a">Andreas Fröhlich liest Uli T. Swidler, Toskana für Arme</marc:subfield>
   </marc:datafield>
   <marc:datafield ind1="0" ind2="0" tag="245">
      <marc:subfield code="b">Liebeserklärung an ein italienisches Dorf</marc:subfield>
   </marc:datafield>
   <marc:datafield ind1="0" ind2="0" tag="245">
      <marc:subfield code="c">Regie: Brigitte Grafe/Dicky Hank. Kürzung: Brigitte Grafe</marc:subfield>
   </marc:datafield>
   <marc:datafield ind1=" " ind2="1" tag="264">
      <marc:subfield code="a">Berlin</marc:subfield>
      <marc:subfield code="b">Argon-Verl.</marc:subfield>
      <marc:subfield code="c">2009</marc:subfield>
   </marc:datafield>
   <marc:datafield ind1="1" ind2=" " tag="520">
      <marc:subfield code="a">Angaben aus der Verlagsmeldung

Toskana für Arme : Liebeserklärung an ein italienisches Dorf / von Uli Swidler

Wie jeder gute Deutsche träumt auch Max von einem Häuschen in der Toskana. Weil dafür aber das Geld nicht ganz reicht, werden es die Marken. Immerhin die Marken. Fast ganz wie die Toskana. Fast genauso schön. Fast genauso romantisch. Dabei mindestens genauso italienisch, denn genau genommen ist die Gegend vollkommen gottverlassen.

Alles beginnt mit einer entsetzlich misslungenen Beerdigung. Eine Vielvölkerversammlung findet sich am Grab ein, Deutsche, Engländer, sogar ein paar Italiener, die allesamt mit ansehen müssen, wie ein Quereinsteiger-Totengräber den würdigen Abschied von der Verstorbenen komplett versemmelt. Kaum möglich, in dieser Situation bella figura zu bewahren. Immerhin: So lernt man sich kennen. Und manchmal kann daraus dann auch Liebe werden …
</marc:subfield>
   </marc:datafield>
   <marc:datafield ind1=" " ind2=" " tag="020">
      <marc:subfield code="a">9783866107601</marc:subfield>
      <marc:subfield code="9">9783866107601</marc:subfield>
   </marc:datafield>
   <marc:datafield ind1=" " ind2=" " tag="041">
      <marc:subfield code="a">ger</marc:subfield>
   </marc:datafield>
   <marc:datafield ind1=" " ind2=" " tag="300">
      <marc:subfield code="a">6 CDs</marc:subfield>
   </marc:datafield>
</marc:record>
